Computer Modelling and Simulation in Technical Practice

Verifikácia počítačového modelu. Vývoj počítačového modelovania. Etapy procesu počítačového modelovania. Validita počítačového modelu. Počítačové experimenty. Prínosy modelovania sa simulácie pre technickú prax.

Gespeichert in:
Bibliographische Detailangaben
1. Verfasser: Daneshjo, Naqibullah, 1964-
Weitere Verfasser: Klobušická, Marcela
Format: Buchkapitel
Sprache:Slowakisch
Schlagworte:
Tags: Tag hinzufügen
Keine Tags, Fügen Sie das erste Tag hinzu!

MARC

LEADER 00000naa$a2200000$$$4500
001 0277990
005 20220819161844.5
041 0 |a slo 
044 |a SK 
245 1 0 |a Computer Modelling and Simulation in Technical Practice  |c Naqibullah Daneshjo, Marcela Klobušická 
520 |a Verifikácia počítačového modelu. Vývoj počítačového modelovania. Etapy procesu počítačového modelovania. Validita počítačového modelu. Počítačové experimenty. Prínosy modelovania sa simulácie pre technickú prax. 
610 2 0 |a simulácia 
610 2 0 |a počítače 
610 2 0 |a modelovanie 
610 2 0 |a robotizácia 
100 1 |a Daneshjo, Naqibullah, 1964- 
700 1 |a Klobušická, Marcela